00000000nem##2200000za#4500
0019.546881
003CaOODSP
00520200401002509
007aj |a|||
008150406|2009||||xxc||||   a##f  |   fre|d
020 |a978-0-660-63914-7
022 |a1915-884X
040 |aCaOODSP|bfre
041 |aeng
041 |afre
043 |an-cn---
0861 |aM116-2/092G03
1101 |aCanada.|bRessources naturelles Canada. |bCentre d'information topographique.
24510|aLulu Island, Colombie-Britannique : |h[document cartographique]|bCanada - États-Unis d'Amérique / |cÉtablie en partenariat avec Geo BC.
250 |aÉd. 06, version 01
255 |aÉchelle 1:50,000
260 |aOttawa - Ontario : |bRessources naturelles Canada. |c2009.
300 |a1 feuille. : |bcarte en couleur ; |c68 cm.
4901 |aCartes topographiques du Canada|x1915-884X|v92-G/3
500 |aSérie A721. Comprend une légende.
590 |a09-41|b2009-10-09
7760#|tLulu Island, British Columbia / |w(CaOODSP)9.583113
791 |tLulu Island, British Columbia : |eeng|w(CaOODSP)9.546880
830#0|aCartes topographiques du Canada,|x1915-884X|v92-G/3|w(CaOODSP)9.511451